Traduction Français/Anglais : IV.2. Electronics and computer science - Statistiques

Statistiques générales
  • Ce quiz a été pris 7 fois
  • Le résultat moyen est 11 sur 50
Statistiques - réponses
Hint Réponse % Correct
un bit a bit
100%
une calculatrice a calculator
100%
un fusible a fuse
100%
une touche a key
100%
un clavier a keyboard
100%
un langage a language
100%
un méga-octet a megabyte
100%
un microprocesseur a microprocessor
100%
un moniteur a monitor
100%
une souris a mouse
100%
une imprimante a printer
100%
un programme a program
100%
un scanner a scanner
100%
une longueur d'onde a wavelength
100%
la compatibilité compatibility
100%
entrée input
100%
la programmation programming
100%
la page d'accueil the homepage
100%
éliminer les erreurs to debug
100%
verrouiller to lock
100%
appuyer to press
100%
lire to read
100%
démarrer to start
100%
un signal a signal
67%
un ver a worm
67%
les données data
67%
un fichier de données a data file
50%
une adresse an address
50%
un écran a screen
50%
un interrupteur a switch
50%
un jeu vidéo a videogame
50%
un site web a website
50%
une fenêtre a window
50%
ennuyeux boring
50%
Les logiciels software
50%
le système d'exploitation the operating system
50%
accéder à to access
50%
cliquer to click
50%
mettre en forme to edit
50%
charger to load
50%
fournir to provide
50%
désinstaller to uninstall
50%
câbler to wire
50%
numérique digital
33%
chatter to chat
33%
dupliquer to duplicate
33%
une pile, une batterie a battery
0%
un défaut, un bogue a bug
0%
un octet a byte
0%
un câble a cable
0%
une cartouche a cartridge
0%
une cellule a cell
0%
un diagramme, un graphique a chart
0%
un salon virtuel (un site de chat) a chat room
0%
une puce a chip
0%
un circuit a circuit
0%
un ordinateur a computer
0%
un curseur a cursor
0%
une banque de données a data bank
0%
une base de données a data base
0%
un chiffre a digit
0%
un lecteur a drive
0%
un télécopieur a fax machine
0%
une police a font
0%
un graticiel a freeware program
0%
une fréquence a frequency
0%
un gadget a gadget / a gizmo (US)
0%
un pirate a hacker
0%
une sortie papier a hard copy
0%
des écouteurs a headset
0%
une fiche a jack
0%
une manette de jeu a joystick
0%
un portable a laptop / a notebook
0%
un listage, un listing a listing
0%
un micro-ordinateur a microcomputer
0%
une disquette (3,5") a microdisk
0%
un tapis a mouse-pad
0%
un code d'accès an access code
0%
un carnet d'adresses an address book
0%
analogique analog
0%
une flèche an arrow
0%
un réseau a network
0%
un réseau a network
0%
une icône an icon
0%
un ensemble, une configuration a package
0%
un mot de passe a password
0%
un périphérique a peripheral
0%
un ordinateur individuel a personal computer (PC)
0%
un photocopieur a photocopier / a copier
0%
un programmeur a programmer
0%
un menu déroulant a pull-down menu
0%
un ruban a ribbon
0%
un moteur de recherche a search engine
0%
un semi-conducteur a semiconductor
0%
un partagiciel a shareware program
0%
un raccourci a shortcut
0%
une fente, un connecteur a slot
0%
une prise femelle, un connecteur a socket
0%
un logiciel a software application
0%
un haut-parleur a speaker
0%
un correcteur orthographique a spell-checker
0%
un tableur a spreadsheet program
0%
une norme a standard
0%
un téléscripteur a teleprinter a telewriter
0%
un transistor a transistor
0%
un utilisateur a user
0%
un utilitaire a utility
0%
un minitel a videotex
0%
un virus a virus
0%
un traitement de texte a word processor
0%
intégré built-in
0%
compatible compatible
0%
assisté par ordinateur computer-aided / assisted
0%
l'infographie computer graphics
0%
l'informatisation computerization
0%
informatisé computerized
0%
l'informatique (pratique) computing
0%
pratique convenient
0%
personnalisé, sur mesure customized / custom-made
0%
le traitement des données data processing
0%
compliqué elaborate
0%
messagerie, courrier électronique electronic mail
0%
extensible expandable
0%
défectueux faulty / balky
0%
le graphisme graphics
0%
le matériel informatique hardware
0%
énorme huge
0%
infaillible infallible
0%
innovant innovative
0%
interactif interactive
0%
l'interactivité interactivity
0%
léger light
0%
l'entretien, la maintenance maintenance
0%
la mémoire memory
0%
multifonctions multifunction
0%
multitâche multitask
0%
sortie output
0%
portable portable
0%
répétitif repetitive
0%
perfectionné sophisticated
0%
dernier cri, à la pointe du progrès state-of-the-art
0%
le stockage storage
0%
fastidieux tedious
0%
le tableau de commande the control panel
0%
le catalogue the directory
0%
le menu the menu
0%
la barre d'outils the toolbar
0%
qui prend beaucoup de temps time-consuming
0%
qui économise du temps time-saving
0%
minuscule tiny
0%
activer to activate
0%
faire une copie de sauvegarde to back up
0%
annuler to cancel
0%
effacer (mémoire) to clear
0%
calculer to compute
0%
informatiser to computerize
0%
brancher, relier to connect
0%
couper-coller to cut and paste
0%
afficher to display
0%
effacer to erase / to delete
0%
classer to file
0%
formater to format
0%
rassembler to gather
0%
installer to install
0%
étiqueter to label
0%
dépasser la capacité to overflow
0%
photocopier to photocopy / to xerox
0%
(se) brancher (sur) to plug (into)
0%
haut de gamme top-of-the-line
0%
alimenter, mettre sous tension to power
0%
traiter to process
0%
récupérer to retrieve
0%
faire tourner to run
0%
enregistrer to save
0%
scanner to scan
0%
dérouler to scroll down
0%
sélectionner to select
0%
trier to sort
0%
remplacer, détrôner to supersede
0%
éteindre to switch off
0%
mettre en route to switch on
0%
taper to type
0%
actualiser to update
0%
améliorer, perfectionner to upgrade
0%
recherche de la panne troubleshooting
0%
omniprésent ubiquitous
0%
convivial, facile d'utilisation user-friendly
0%
polyvalent versatile
0%
vulnérable vulnerable
0%
Aucun quiz correspondant
Distribution des résultats
% des personnes avec chaque résultat
Percentile par nombre de réponses
Votre historique - résultats
Vous n’avez pas pris ce quiz